000 00257nam a2200109Ia 4500
005 20251222114349.0
008 251222s1900||||xx |||||||||||||| ||spa||
082 _aDVD0150/R79M/2006
245 0 _aEl muchacho del sueƱo.
264 _bEnzo Spiri
942 _cDVD
999 _c1178
_d1178